История внешней политики Японии, 1868–2018 гг. (Запись № 13471537)

Подробности
000 -МАРКЕР
контрольное поле 02338nam0a2200361 4500
001 - ИДЕНТИФИКАТОР ЗАПИСИ
контрольное поле RU\NLR\BIBL_A\022574756
005 - ИДЕНТИФИКАТОР ВЕРСИИ
контрольное поле 20251127163015.0
010 ## - МЕЖДУНАРОДНЫЙ СТАНДАРТНЫЙ НОМЕР КНИГИ (ISBN)
Номер (ISBN) 978-5-7133-1805-5
Тираж 300
021 ## - НОМЕР ГОСУДАРСТВЕННОЙ РЕГИСТРАЦИИ
Код страны Российская Федерация
Номер КН-П-25-026222
Номер Листа государственной регистраци КН-П-25-2614
035 ## - ДРУГИЕ СИСТЕМНЫЕ НОМЕРА
Идентификатор записи (NLR Aleph) 022574756
100 ## - ДАННЫЕ ОБЩЕЙ ОБРАБОТКИ
Данные общей обработки 20250626d2025 u y0rusy50 ca
101 0# - ЯЗЫК РЕСУРСА
Язык текста, звукозаписи и т.д. русский
102 ## - СТРАНА ПУБЛИКАЦИИ ИЛИ ПРОИЗВОДСТВА
Страна публикации Российская Федерация
105 ## - ПОЛЕ КОДИРОВАННЫХ ДАННЫХ: ТЕКСТОВЫЕ МАТЕРИАЛЫ, МОНОГРАФИЧЕСКИЕ
Кодированные данные о монографическом текстовом документе bc j 000yy
181 #0 - ПОЛЕ КОДИРОВАННЫХ ДАННЫХ: ВИД СОДЕРЖАНИЯ
Код вида содержания (ISBD) i
Код характеристики содержания (ISBD) axxe
182 #0 - ПОЛЕ КОДИРОВАННЫХ ДАННЫХ: ТИП СРЕДСТВА
Код типа средства (ISBD) n - непосредственное
200 1# - ЗАГЛАВИЕ И СВЕДЕНИЯ ОБ ОТВЕТСТВЕННОСТИ
Основное заглавие История внешней политики Японии, 1868–2018 гг.
Сведения, относящиеся к заглавию учебник для студентов вузов, обучающихся по направлениям подготовки и специальностям "Международные отношения" и "Регионоведение"
Первые сведения об ответственности А. Н. Панов, К. О. Саркисов, Д. В. Стрельцов
Последующие сведения об ответственности Московский государственный институт международных отношений (университет) МИД России
203 ## - ВИД СОДЕРЖАНИЯ И ТИП СРЕДСТВА
Вид содержания Текст
Дополнительные сведения об издании визуальный
Тип средства непосредственный
205 ## - СВЕДЕНИЯ ОБ ИЗДАНИИ
Сведения об издании 2-е изд., испр. и доп.
210 ## - ПУБЛИКАЦИЯ, РАСПРОСТРАНЕНИЕ И ДР.
Место издания, распространения и т.д. Москва
Имя издателя, распространителя и т. д. Международные отношения
Дата издания, распространения и т.д. 2025
215 ## - ФИЗИЧЕСКАЯ ХАРАКТЕРИСТИКА
Специфическое обозначение материала и объем 472, [2] с.
Другие сведения о физической характеристике карты, портр.
Размеры 22
225 1# - СЕРИЯ
Основное заглавие серии История внешней политики зарубежных стран
300 ## - ОБЩИЕ ПРИМЕЧАНИЯ
Текст примечания В конце кн. авт.: Панов А. Н., д-р полит. наук, проф., Саркисов К. О., канд. ист. наук, Стрельцов Д. В., д-р ист. наук, проф.
607 ## - ГЕОГРАФИЧЕСКОЕ НАИМЕНОВАНИЕ КАК ПРЕДМЕТ
Географическое наименование Япония
Формальный подзаголовок Учебники для высших учебных заведений
Тематический подзаголовок Внешняя политика
Хронологический подзаголовок 19 - нач. 21 вв.
Системный номер авторитетной/нормативной записи 2426171
Идентификатор авторитетной/нормативной записи RU\NLR\AUTH\6601662898
686 1# - ИНДЕКСЫ ДРУГИХ КЛАССИФИКАЦИЙ
Индекс Т3(5Я)5/6-6я73
700 #1 - ИМЯ ЛИЦА - ПЕРВИЧНАЯ ОТВЕТСТВЕННОСТЬ
Графика поля Кириллица
Материалы, к которым относится поле rus
Начальный элемент ввода Панов
Часть имени, кроме начального элемента ввода А. Н.
Дополнения к именам, кроме дат д-р полит. наук, дипломат
Даты 1944-
Расширение инициалов личного имени Александр Николаевич
Системный номер авторитетной/нормативной записи 250225
Идентификатор авторитетной/нормативной записи RU\NLR\AUTH\770250281
701 #1 - ИМЯ ЛИЦА - АЛЬТЕРНАТИВНАЯ ОТВЕТСТВЕННОСТЬ
Начальный элемент ввода Саркисов
Часть имени, кроме начального элемента ввода К. О.
Расширение инициалов личного имени Константин Оганесович
701 #1 - ИМЯ ЛИЦА - АЛЬТЕРНАТИВНАЯ ОТВЕТСТВЕННОСТЬ
Начальный элемент ввода Стрельцов
Часть имени, кроме начального элемента ввода Д. В.
Даты 1963-
Расширение инициалов личного имени Дмитрий Викторович
942 ## - ДОПОЛНИТЕЛЬНЫЕ ЭЛЕМЕНТЫ ЗАПИСИ (АБИС)
Тип экземпляра АБИС Книга
980 ## - КОЛЛЕКЦИЯ
Название коллекции Национальная библиография

Нет доступных экземпляров.